00989nam a2200217 i 4500001000300000100002300003245011200026260004000138300006700178500005300245500022400298650002200522655001800544020001500562020001800577040000800595041001100603080001800614008004100632856009800673bg1 aTRAMBACZ, Waldemar10aNiemiecki "Kein problem!" :bintensywny kurs do samodzielnej nauki, poziom podstawowy /cWaldemar Trambacz. aWarszawa :bSuperMemo World,c2006. a223 s. ;c19 cm +eCD ROM : program komputerowy, nagrania mp3. aWymagania systemowe mp3: dowolny odtwarzacz mp3. aWymagania systemowe do programu SuperMemo: procesor klasy Pentium lub nowszy, 64MB RAM,SVGA High Color 16-bitowy, rozdzielczość 800x600, napęd CD ROM, karta dźwiękowa, Windows 98 PL, 2000 PL, XP PL lub nowsze. 9aJęzyk niemiecki aPodręczniki a8360199094 a9788360199091 cBPKw agerpol a811.112.2(07) s pl f |000 0 pol  uhttp://koha.tu.koszalin.pl/cgi-bin/koha/opac-detail.pl?biblionumber=52132yKatalog online BPK